Účtovníctvo neziskových účtovných jednotiek príklady a úlohy
Saved in:
| Main Author: | |
|---|---|
| Corporate Author: | |
| Other Authors: | , |
| Format: | Book |
| Language: | Slovak |
| Published: |
Bratislava
Vydavateľstvo EKONÓM
2018
|
| Edition: | 1. vydanie |
| Subjects: | |
| Tags: |
No Tags, Be the first to tag this record!
|
MARC
| LEADER | 00000nam$a2200000$$$4500 | ||
|---|---|---|---|
| 001 | 0240795 | ||
| 005 | 20240502073923.3 | ||
| 020 | |a 978-80-225-4482-5 | ||
| 041 | 0 | |a slo | |
| 044 | |a SK | ||
| 245 | 1 | 0 | |a Účtovníctvo neziskových účtovných jednotiek |b príklady a úlohy |c Alena Kordošová ; recenzenti: Antónia Kovalčíková, Danica Fajnorová |
| 250 | |a 1. vydanie | ||
| 264 | 1 | |a Bratislava |b Vydavateľstvo EKONÓM |c 2018 | |
| 300 | |a 90 s. [5,4 AH] | ||
| 610 | 2 | 0 | |a organizácie neziskové |
| 610 | 2 | 0 | |a účtovníctvo |
| 610 | 2 | 0 | |a jednotka účtovná |
| 610 | 2 | 0 | |a hospodárenie finančné |
| 610 | 2 | 0 | |a majetok dlhodobý |
| 610 | 2 | 0 | |a zásoby |
| 610 | 2 | 0 | |a účty finančné |
| 610 | 2 | 0 | |a vzťahy zúčtovacie |
| 610 | 2 | 0 | |a imanie |
| 610 | 2 | 0 | |a náklady |
| 610 | 2 | 0 | |a výnosy |
| 610 | 2 | 0 | |a závierka účtovná |
| 610 | 2 | 0 | |a financovanie |
| 100 | 1 | |a Kordošová, Alena, 1970- | |
| 700 | 1 | |a Kovalčíková, Antónia | |
| 700 | 1 | |a Fajnorová, Danica | |
| 710 | 2 | |a Ekonomická univerzita v Bratislave. Fakulta hospodárskej informatiky | |